000 00421nam a22001697a 4500
005 20160525163625.0
008 160525b xxu||||| |||| 00| 0 eng d
020 _a81-219-1021-8
041 _aeng
082 _b4980
100 _aMishra, M.N. and others
_91260
245 _aInsurance Principles and Practice
260 _aNew Delhi
_bAcademic Faundation
300 _a797
650 _aManagement
_9241
942 _cBK
999 _c1745
_d1744